Sport and exercise science : (Record no. 9672)
[ view plain ]
| 000 -LEADER | |
|---|---|
| fixed length control field | 01406cam a2200421 i 4500 |
| 001 - CONTROL NUMBER | |
| control field | 17643441 |
| 005 - DATE AND TIME OF LATEST TRANSACTION | |
| control field | 20230808111058.0 |
| 008 - FIXED-LENGTH DATA ELEMENTS--GENERAL INFORMATION | |
| fixed length control field | 130301s2012 enka b 001 0 eng d |
| 010 ## - LIBRARY OF CONGRESS CONTROL NUMBER | |
| LC control number | 2012540535 |
| 015 ## - NATIONAL BIBLIOGRAPHY NUMBER | |
| National bibliography number | GBB1D1879 |
| Source | bnb |
| 016 7# - NATIONAL BIBLIOGRAPHIC AGENCY CONTROL NUMBER | |
| Record control number | 015969818 |
| Source | Uk |
| 020 ## - INTERNATIONAL STANDARD BOOK NUMBER | |
| International Standard Book Number | 1444144170 (pbk.) |
| International Standard Book Number | 9781444144178 (pbk.) |
| Canceled/invalid ISBN | 9781134641550 |
| Qualifying information | ebook |
| 035 ## - SYSTEM CONTROL NUMBER | |
| System control number | (OCoLC)ocn761380971 |
| 040 ## - CATALOGING SOURCE | |
| Original cataloging agency | UKMGB |
| Language of cataloging | eng |
| Description conventions | rda |
| Transcribing agency | UKMGB |
| Modifying agency | YDXCP |
| -- | OCLCO |
| -- | YNK |
| -- | CNAUC |
| -- | DLC |
| 042 ## - AUTHENTICATION CODE | |
| Authentication code | lccopycat |
| 050 00 - LIBRARY OF CONGRESS CALL NUMBER | |
| Classification number | GV558 |
| Item number | .S49 2012 |
| 082 04 - DEWEY DECIMAL CLASSIFICATION NUMBER | |
| Classification number | 796.01 |
| Edition number | 23 |
| 100 1# - MAIN ENTRY--PERSONAL NAME | |
| Personal name | Sewell, Dean. |
| 245 10 - TITLE STATEMENT | |
| Title | Sport and exercise science : |
| Remainder of title | an introduction / |
| Statement of responsibility, etc. | Dean Sewell, Philip Watkins and Murray Griffin. |
| 250 ## - EDITION STATEMENT | |
| Edition statement | 2nd ed. |
| 264 #1 - PRODUCTION, PUBLICATION, DISTRIBUTION, MANUFACTURE, AND COPYRIGHT NOTICE | |
| Place of production, publication, distribution, manufacture | London : |
| Name of producer, publisher, distributor, manufacturer | Hodder Education, |
| Date of production, publication, distribution, manufacture, or copyright notice | 2012. |
| 300 ## - PHYSICAL DESCRIPTION | |
| Extent | viii, 376 pages : |
| Other physical details | illustrations, mostly color ; |
| Dimensions | 28 cm |
| 336 ## - CONTENT TYPE | |
| Content type term | text |
| Content type code | txt |
| Source | rdacontent |
| 337 ## - MEDIA TYPE | |
| Media type term | unmediated |
| Media type code | n |
| Source | rdamedia |
| 338 ## - CARRIER TYPE | |
| Carrier type term | volume |
| Carrier type code | nc |
| Source | rdacarrier |
| 500 ## - GENERAL NOTE | |
| General note | Previous ed.: London: Hodder Arnold, 2005. |
| 504 ## - BIBLIOGRAPHY, ETC. NOTE | |
| Bibliography, etc. note | Includes bibliographical references and index. |
| 650 #0 - SUBJECT ADDED ENTRY--TOPICAL TERM | |
| Topical term or geographic name entry element | Sports sciences. |
| Topical term or geographic name entry element | Sports |
| General subdivision | Physiological aspects. |
| Topical term or geographic name entry element | Exercise |
| General subdivision | Physiological aspects. |
| Topical term or geographic name entry element | Sports |
| General subdivision | Psychological aspects. |
| Topical term or geographic name entry element | Exercise |
| General subdivision | Psychological aspects. |
| 700 1# - ADDED ENTRY--PERSONAL NAME | |
| Personal name | Watkins, Philip |
| Fuller form of name | (Philip Huw) |
| Personal name | Griffin, Murray. |
| 942 ## - ADDED ENTRY ELEMENTS (KOHA) | |
| Source of classification or shelving scheme | Dewey Decimal Classification |
| Koha item type | Main |
| Withdrawn status | Lost status | Source of classification or shelving scheme | Damaged status | Not for loan | Collection code | Home library | Current library | Shelving location | Date acquired | Serial Enumeration / chronology | Total Checkouts | Total Renewals | Full call number | Barcode | Date last seen | Date last checked out | Price effective from | Koha item type |
|---|---|---|---|---|---|---|---|---|---|---|---|---|---|---|---|---|---|---|
| Dewey Decimal Classification | Main TEST | RTC Library | RTC Library | Main opac | 08/08/2023 | 177747 | 1 | 1 | 796.01 SEW c.1 | 30019003 | 06/12/2024 | 07/08/2024 | 08/08/2023 | Main | ||||
| Dewey Decimal Classification | Main TEST | RTC Library | RTC Library | Main opac | 08/08/2023 | 177746 | 796.01 SEW c.2 | 30018990 | 08/08/2023 | 08/08/2023 | Main | |||||||
| Dewey Decimal Classification | Main TEST | RTC Library | RTC Library | Main opac | 08/08/2023 | 177745 | 796.01 SEW c.3 | 30018963 | 08/08/2023 | 08/08/2023 | Main | |||||||
| Dewey Decimal Classification | Main TEST | RTC Library | RTC Library | Main opac | 08/08/2023 | 177744 | 796.01 SEW c.4 | 30018983 | 08/08/2023 | 08/08/2023 | Main | |||||||
| Dewey Decimal Classification | Main TEST | RTC Library | RTC Library | Main opac | 20/02/2024 | 18443 | 796.01 SEW c.5 | 30018401 | 02/08/2024 | 20/02/2024 | Main | |||||||
| Dewey Decimal Classification | Main TEST | RTC Library | RTC Library | Main opac | 20/02/2024 | 18444 | 796.01 SEW c.6 | 30018873 | 20/02/2024 | 20/02/2024 | Main |